000 00498nam a2200181Ia 4500
005 20250317123022.0
008 008 250317s9999 xx 000 0 eng d
037 _aTextbook
040 _aFMSL
_beng
_cFMSL
041 _aeng
_2eng
084 _aX:74
_qFMSL
100 _aGaegory R H
_9739906
245 0 _aBusiness data processing & programming
260 _aWadeworth
_bWadeworth, Belmont
_c1968
300 _a403p
942 _cTB
_hX:74
999 _c1249524
_d1249524